Arabské jaro : historické a kulturní pozadí událostí na Blízkém východě /

Hlavní autor: Mendel, Miloš, 1952-
Jazyk: Čeština
Vydáno: Praha : Academia, 2015
Vydání: Vydání první
Edice: Orient (Academia)
Témata:
Externí odkaz: Digitalizovaný dokument
Fyzický popis: 349 stran ; 21 cm
Language note: Anglické resumé
Knihy
Uloženo v:
LEADER 03080nam a2200733 i 4500
001 nkc20142649770
003 CZ PrNK
005 20190801090357.0
007 ta
008 150209s2015 xr f 001 0 cze
015 |a cnb002649770 
020 |a 978-80-200-2474-9  |q (vázáno) 
040 |a ABA001  |b cze  |d BOA001  |e rda 
041 0 |a cze  |b eng 
043 |a aw-----  |a ma----- 
072 7 |a 94(560/569.5)  |x Dějiny států západní Asie. Blízký východ  |2 Konspekt  |9 8 
080 |a 94(5-15)+(6-17)"2011/...  |2 MRF 
080 |a 323.272(5-15)+(6-17)"2011/...  |2 MRF 
080 |a 323.21  |2 MRF 
080 |a 322:28  |2 MRF 
080 |a 28-634-767  |2 MRF 
080 |a 323  |2 MRF 
080 |a 94(5-15)  |2 MRF 
080 |a 94[(5-15)+(6-17)  |2 MRF 
080 |a (048.8)  |2 MRF 
100 1 |a Mendel, Miloš,  |d 1952-  |7 jn20000401773  |4 aut 
245 1 0 |a Arabské jaro :  |b historické a kulturní pozadí událostí na Blízkém východě /  |c Miloš Mendel 
250 |a Vydání první 
264 1 |a Praha :  |b Academia,  |c 2015 
300 |a 349 stran ;  |c 21 cm 
336 |a text  |b txt  |2 rdacontent 
337 |a bez média  |b n  |2 rdamedia 
338 |a svazek  |b nc  |2 rdacarrier 
490 1 |a Orient ;  |v sv. 23 
504 |a Obsahuje bibliografie, bibliografické odkazy a rejstřík 
546 |a Anglické resumé 
650 0 7 |a arabské revoluce (2011-)  |7 ph678173  |2 czenas 
650 0 7 |a politická kultura  |7 ph115787  |z Blízký východ  |2 czenas 
650 0 7 |a islám a politika  |7 ph419646  |z Blízký východ  |2 czenas 
650 0 7 |a islamizace  |7 ph311267  |z Blízký východ  |2 czenas 
650 0 9 |a revolutions in the Arab world, 2011-  |2 eczenas 
650 0 9 |a political culture  |z Middle East  |2 eczenas 
650 0 9 |a Islam and politics  |z Middle East  |2 eczenas 
650 0 9 |a islamisation  |z Middle East  |2 eczenas 
651 7 |a Blízký východ  |7 ge128412  |x společnost a politika  |2 czenas 
651 7 |a Blízký východ  |7 ge128412  |x dějiny  |2 czenas 
651 7 |a arabské země  |7 ge131485  |x společnost a politika  |2 czenas 
651 7 |a arabské země  |7 ge131485  |x dějiny  |2 czenas 
651 9 |a Middle East  |x society and politics  |2 eczenas 
651 9 |a Middle East  |x history  |2 eczenas 
651 9 |a Arab countries  |x society and politics  |2 eczenas 
651 9 |a Arab countries  |x history  |2 eczenas 
655 7 |a monografie  |7 fd132842  |2 czenas 
655 9 |a monographs  |2 eczenas 
830 0 |a Orient (Academia)  |0 s 
856 4 1 |u http://www.digitalniknihovna.cz/mzk/uuid/uuid:14342940-2e56-11eb-bd18-005056827e51  |y Digitalizovaný dokument  |x NDK 
910 2 |a BOA001  |b 2-1351.584 
990 |a BK 
995 |a 01 
991 |b 201509  |c NOV  |e n 
996 6 |b 2610642393  |c 2-1351.584  |l MZK  |r Sklad / do 1 hodiny  |n 11  |p p.v.  |w 001520004  |u 000010  |a 1  |e BOA001  |j MZK50  |s P 
996 6 |b 2610646317  |c 2-1351.584  |l MZK  |r HSS 5p  |n 0  |p kup  |h 94(5/9) MEN  |w 001520004  |u 000020  |a 0  |e BOA001  |j MZK50  |s P 
996 7 |b 2610646318  |c 2-1351.584  |l Vol.výběr  |r VV 1p  |n 26  |p kup  |h 94(5/9) MEN  |w 001520004  |u 000030  |a 0  |e BOA001  |j MZK50  |s A 
996 7 |b 2610790247  |c 2-1351.584  |l Vol.výběr  |r VV 1p  |n 10  |p kup  |h 94(5/9) MEN  |w 001520004  |u 000040  |a 0  |e BOA001  |j MZK50  |s A